00673nam a22001937a 450000500170000001000260001702000270004303500140007003700190008403700140010308200150011724501310013226000400026327000440030330000390034750000510038670000210043770000210045820180719144327.0 a1718EN-30 ENG-123561 a9788123021294c1940.00 aEN-107093 bBookwell adpl bDBAD/PUB. a578.095416 aFirst garden of the republic : cedited by Amita Baviskar; photography by Narendra Bisht bnature in the President's estate /  c2016aNew DelhibRashtrapati Bhawan aRashtrapati Bhawan, bNew Delhie110015 c27cm(Hb)a255p.:bill. (col. pic.) aIncludes bibliographical references and index  aBaviskar, Amita  aBisht, Narendra